| 000 | 01059nam a2200301 4500 | ||
|---|---|---|---|
| 001 | 3145966 | ||
| 003 | ARRUPE | ||
| 005 | 20160920120228.0 | ||
| 008 | 730830s1972 sw bs 100 0 eng | ||
| 010 | _a 73167246 | ||
| 015 | _aS*** | ||
| 020 | _a917106057X | ||
| 040 |
_aDLC _cDLC _dDLC |
||
| 043 | _af------ | ||
| 050 | 0 | 0 |
_aHD3557.A4 _bA63 1972 |
| 082 | 0 | 0 | _a334/.096 |
| 110 |
_aWinstrand, Carl Gosta _eed. _925978 |
||
| 245 | 0 | 0 |
_aAfrican co-operatives and efficiency/ _cEdited by Carl Gösta Widstrand. |
| 260 |
_aUppsala, _bScandinavian Institute of African Studies, _c1972. |
||
| 300 |
_a239 p. _c22 cm. |
||
| 500 | _aIntroductory papers sent to the participants before a seminar held at the Co-operative College, Langata, Kenya, 29 Nov.-4 Dec., 1971. | ||
| 504 | _aIncludes bibliographical references. | ||
| 650 | 0 |
_aCooperation _zAfrica _xCongresses. _925979 |
|
| 700 | 1 |
_aWidstrand, Carl Gösta, _eed. _925980 |
|
| 700 | 1 |
_aGhai, Yash P., _d1938- _925981 |
|
| 906 |
_a7 _bcbc _corignew _d4 _encip _f19 _gy-gencatlg |
||
| 942 |
_2lcc _cMONOGRAPH |
||
| 999 |
_c125289 _d125289 |
||